|
|
|
|
| LEADER |
00000nam a2200000 a 4500 |
| 001 |
vtls001356062 |
| 003 |
SK-MaSNL |
| 005 |
20260416164824.0 |
| 008 |
251113s1989 xr 0 cze |
| 020 |
|
|
|a 8004252028
|
| 035 |
|
|
|a SNK000309534
|
| 040 |
|
|
|a SNK
|b slo
|c SNK
|e AACR2
|
| 041 |
0 |
|
|a cze
|
| 044 |
|
|
|a CZ
|
| 245 |
1 |
|
|a Učební dokumenty zvláštního učebního oboru Stavební výroba se zaměřením pro 36-86-2/05 železobetonářskou výrobu
|
| 260 |
|
|
|a Praha
|b Státní pedagogické nakladatelství
|c 1989
|
| 300 |
|
|
|a 60 s.
|c 4°
|
| 490 |
1 |
|
|a Soubor B: Odborné předměty
|
| 500 |
|
|
|a Vyd. Min. školství, mládeže a tělovýchovy ČSR
|
| 830 |
|
0 |
|a Soubor B: Odborné předměty
|9 292453
|
| 919 |
|
|
|a 80-04-25202-8
|
| 958 |
|
|
|a RK
|
| 958 |
|
|
|a OND
|
| 999 |
|
|
|c 548324
|d 550254
|
| 952 |
|
|
|t P60, <04>, [BOOK], {604}
|a SNK
|b SNK
|y VYP
|7 0
|o snkIB 63636
|i snkKIP 1839/90
|0 0
|1 0
|4 0
|d 1999-02-24
|l 0
|r 2005-01-02 00:00:00
|w 2026-02-23
|
| 952 |
|
|
|t P60, <04>, [BOOK], {604}
|a SNK
|b SNK
|y VYP
|7 0
|o snkIB 63636 D1
|i snkKIP 1840/90
|0 0
|1 0
|4 0
|d 1999-02-24
|l 0
|r 2005-01-02 00:00:00
|w 2026-02-23
|